| 000 | 01071nam a2200301 a 4500 | ||
|---|---|---|---|
| 001 | 378 | ||
| 003 | BR-CuiBMT | ||
| 005 | 20231103132316.0 | ||
| 008 | 231102s2008 mgb 000 0 por d | ||
| 020 | _a9788577001750 | ||
| 040 |
_aBR-CuiBMT _cBR-CuiBMT |
||
| 080 |
_22007 _a351.9 |
||
| 090 |
_a351.9 _bC825 |
||
| 245 | 0 | 0 |
_aCorrupção, ética e moralidade administrativa / _cLuís Manuel Fonseca Pires, Maurício Zockun, Renata Porto Adri (coordenadores) ; [autores: Antonio Carlos Ozório Nunes ... et al.]. |
| 260 |
_aBelo Horizonte : _bFórum, _c2008. |
||
| 300 |
_a380 p. ; _c24 cm |
||
| 500 | _aInformações de autoria retiradas da capa. | ||
| 500 | _aVários autores. | ||
| 650 | _aCorrupção administrativa | ||
| 650 | _aComportamento moral | ||
| 650 | _aMoralidade administrativa | ||
| 650 |
_aDireito administrativo _gética |
||
| 700 | 1 |
_aPires, Luis Manuel Fonseca, _d1974- _4coord. |
|
| 700 | 1 |
_aZockun, Maurício _4coord. |
|
| 700 | 1 |
_aAdri, Renata Porto _4coord. |
|
| 700 | 1 |
_aNunes, Antonio Carlos Ozório _eet al. _eautores |
|
| 942 |
_2udc _cLV |
||
| 999 |
_c378 _d378 |
||